| 000 | 01123nam a22003497a 4500 | ||
|---|---|---|---|
| 003 | CHAP | ||
| 005 | 20220329133118.0 | ||
| 008 | 971013s r 00010 d | ||
| 010 | _a2273 | ||
| 011 | _a3245 | ||
| 035 | _a2445 | ||
| 040 | _cCHAP | ||
| 090 | _aFolleto 12833y | ||
| 100 | 0 | 0 |
_aAlcorn, Janis B. _93662 |
| 245 | 1 |
_aEtnobotánica _b: ámbito y objetividad en un mundo en desarrollo |
|
| 260 |
_aChapingo, Méx. : _bUACH, _c[199?] |
||
| 300 |
_a25 p. _b: Ilus. |
||
| 500 | _aCol. UACH-CP | ||
| 500 | _aD45-56 | ||
| 590 |
_aBATCH-UPD _b10 _c20130110 _lUCH01 _h1005 |
||
| 590 |
_aBATCH-UPD _b10 _c20130410 _lUCH01 _h0615 |
||
| 590 |
_aBATCH-UPD _b10 _c20130914 _lUCH01 _h0739 |
||
| 590 |
_aCONVERSION _b10 _c20130109 _lUCH01 _h1302 |
||
| 650 | 1 | 4 |
_aBotánica económica. _914655 |
| 650 | 1 | 4 |
_aEtnobotánica. _938611 |
| 901 | _aBK | ||
| 942 | _cFOLL | ||
| 949 |
_aFolleto 12833y _bBC _cFOLL _d-11946 _eTS1 _i2445 _si |
||
| 949 |
_aFolleto 12833y _bBC _cFOLL _d-72884 _eTS2 _fc.2 _i2445 _si |
||
| 949 |
_aFolleto 12833y _bBC _cFOLL _d-72885 _eTS2 _fc.3 _i2445 _si |
||
| 949 |
_aFolleto 12833y _bBC _cUACH _d-72886 _eUACH _fc.4 _i2445 _si |
||
| 999 |
_c2273 _d2273 |
||